| 000 | 00707cam a2200205 a 4500 | ||
|---|---|---|---|
| 999 |
_c57974 _d57974 |
||
| 001 | 16827548 | ||
| 005 | 20221114122009.0 | ||
| 008 | 110614s2012 enka b 001 0 eng | ||
| 020 | _a9781844077786x | ||
| 080 | _a338.43 B-46 | ||
| 100 | 1 |
_aHill, Berkeley _911328 |
|
| 245 | 1 | 0 |
_aUnderstanding the common agricultural policy / _cBerkeley Hill. |
| 264 |
_aNew York : _bEarthscan, _c2012. |
||
| 300 |
_a335 p. : _bill. ; _c25 cm. |
||
| 653 | _aUnderstanding the Common Agricultural Policy | ||
| 653 | _aსოფლის მეურნეობის ეკონომიკა | ||
| 653 | _aეკონომიკა | ||
| 653 | _aსოფლის მეურნეობა | ||
| 942 |
_2udc _cBK |
||